| Tag |
First Indicator |
Second Indicator |
Subfields |
| LEADER |
00000cim a2200000Ia 4500 |
| 001 |
in00002781134 |
| 005 |
20150922115126.0 |
| 007 |
sd fungnnmmned |
| 008 |
120807s2012 nyunnnn f n eng d |
| 020 |
|
|
|a 9781619690325
|
| 020 |
|
|
|a 1619690322
|
| 028 |
0 |
2 |
|a 2-11032
|b Hatchette Audio
|
| 035 |
|
|
|a (OCoLC)ocn805234034
|
| 037 |
|
|
|b Midwest Tape
|n http://www.midwesttapes.com
|
| 040 |
|
|
|a TEFMT
|c TEFMT
|d OCLCO
|d TEF
|d OCLCO
|d JP3
|d UtOrBLW
|
| 043 |
|
|
|a n-us---
|
| 049 |
|
|
|a TXAM
|
| 050 |
|
4 |
|a PS3616.O88348
|b Y46 2012b
|
| 082 |
0 |
4 |
|a 813/.6
|2 23
|
| 100 |
1 |
|
|a Powers, Kevin.
|
| 245 |
1 |
4 |
|a The yellow birds :
|b [a novel] /
|c Kevin Powers.
|
| 250 |
|
|
|a Unabridged.
|
| 264 |
|
1 |
|a New York, NY :
|b Hachette Audio,
|c [2012]
|
| 264 |
|
4 |
|c ℗2012
|
| 300 |
|
|
|a 5 sound discs (approximately 5.5 hr.) :
|b digital ;
|c 4 3/4 in.
|
| 336 |
|
|
|a spoken word
|b spw
|2 rdacontent
|
| 337 |
|
|
|a audio
|b s
|2 rdamedia
|
| 338 |
|
|
|a audio disc
|b sd
|2 rdacarrier
|
| 500 |
|
|
|a Subtitle from container.
|
| 511 |
0 |
|
|a Read by Holter Graham.
|
| 500 |
|
|
|a Compact discs.
|
| 520 |
|
|
|a In Al Tafar, Iraq, 21-year-old Private Bartle and 18-year-old Private Murphy cling to life as their platoon launches a bloody battle for the city. In the endless days that follow, the two young soldiers do everything to protect each other from the forces that press in on every side: the insurgents, physical fatigue, and the mental stress that comes from constant danger.
|
| 500 |
|
|
|a Sound recording.
|
| 650 |
|
0 |
|a Soldiers
|z United States
|v Fiction.
|
| 650 |
|
0 |
|a Iraq War, 2003-2011
|v Fiction.
|
| 655 |
|
7 |
|a Suspense fiction.
|2 gsafd
|
| 655 |
|
7 |
|a War stories.
|2 gsafd
|
| 655 |
|
7 |
|a Audiobooks.
|2 lcgft
|
| 700 |
1 |
|
|a Graham, Holter.
|
| 710 |
2 |
|
|a Hachette Audio (Firm)
|
| 948 |
|
|
|a cataloged
|b h
|c 2012/10/30
|d c
|e ceaton
|f 2:07:03 pm
|
| 994 |
|
|
|a C0
|b TXA
|
| 999 |
|
|
|a MARS
|
| 999 |
f |
f |
|s 261f2adc-d2ec-3112-9d48-78955eff15a0
|i 7856f2e2-b3d2-3154-9ef1-4ade72c27e63
|t 0
|
| 952 |
f |
f |
|p normal
|a Texas A&M University
|b College Station
|c Sterling C. Evans Library
|d Evans: Library Stacks
|t 0
|e PS3616.O88348 Y46 2012b
|h Library of Congress classification
|i audio -- audio disc
|m A14841590249
|
| 998 |
f |
f |
|a PS3616.O88348 Y46 2012b
|t 0
|l Evans: Library Stacks
|